[Event "Titled Tue 17th Jun Early"]
[Site "chess.com INT"]
[Date "2025.06.17"]
[Round "11"]
[White "Svane, Rasmus"]
[Black "Tekeyev, Zaur"]
[Result "1-0"]
[WhiteTitle "GM"]
[BlackTitle "IM"]
[WhiteElo "2626"]
[BlackElo "2407"]
[WhiteFideId "4657101"]
[BlackFideId "4199731"]
[EventDate "2025.06.17"]

1. Nf3 Nf6 2. g3 g6 3. Bg2 Bg7 4. O-O O-O 5. d4 d6 6. Re1 Nbd7 7. e4 e5 8. Nc3
b6 9. a4 a5 10. b3 Bb7 11. dxe5 dxe5 12. Nd2 Nc5 13. Ba3 Ne6 14. Bxf8 Qxf8 15.
Nd5 Nd7 16. Nc4 Rd8 17. Qc1 Ba6 18. Rd1 Nd4 19. Bf1 Bxc4 20. Bxc4 c6 21. Ne3 Nc5
22. Qb2 Nxe4 23. c3 Nd2 24. cxd4 exd4 25. Qxd2 1-0

[Event "Titled Tue 17th Jun Early"]
[Site "chess.com INT"]
[Date "2025.06.17"]
[Round "11"]
[White "Blackburn, Jonathan L B"]
[Black "Jammalamadaka, Vihaan"]
[Result "1-0"]
[WhiteTitle "FM"]
[BlackTitle "CM"]
[WhiteElo "2207"]
[BlackElo "2018"]
[WhiteFideId "1801090"]
[BlackFideId "30977134"]
[EventDate "2025.06.17"]

1. d4 d5 2. c4 Bf5 3. Nc3 e6 4. Nf3 Nc6 5. a3 Nf6 6. Bg5 Be7 7. e3 O-O 8. cxd5
exd5 9. Bd3 Bxd3 10. Qxd3 h6 11. Bxf6 Bxf6 12. O-O Qd7 13. Qb5 Rfd8 14. Qxb7
Rab8 15. Qa6 Rxb2 16. Na4 Nb8 17. Qxa7 Nc6 18. Qa6 Nb8 19. Qa5 Nc6 20. Qc3 Rdb8
21. Nxb2 Ne7 22. Nd3 Ng6 23. Nde5 Qf5 24. Nxg6 Qxg6 25. Qxc7 Rb2 26. a4 h5 27.
Qg3 Qc2 28. a5 h4 29. Qg4 Ra2 30. a6 Rxa1 31. Rxa1 Qb2 32. Qc8+ Kh7 33. Qc1 Qe2
34. a7 h3 35. Qf1 Qc2 36. Qb1 1-0

[Event "Titled Tue 17th Jun Early"]
[Site "chess.com INT"]
[Date "2025.06.17"]
[Round "11"]
[White "Kholyavko, Mariya"]
[Black "Gubatayev, Ahmet"]
[Result "0-1"]
[WhiteTitle "WFM"]
[BlackTitle "CM"]
[WhiteElo "2175"]
[BlackElo "2191"]
[WhiteFideId "13748505"]
[BlackFideId "14004526"]
[EventDate "2025.06.17"]

1. c4 c6 2. Nc3 d5 3. d4 Nf6 4. Bg5 Ne4 5. Nxe4 dxe4 6. e3 Qa5+ 7. Qd2 Qxg5 8.
Ne2 e6 9. Nc3 Bb4 10. a3 Bxc3 11. Qxc3 O-O 12. O-O-O c5 13. d5 exd5 14. Rxd5 Qh4
15. g3 Qe7 16. Re5 Qf6 17. Rxe4 Qf3 18. Rh4 Qxh1 19. Qd3 g6 20. Kc2 Nc6 21. Be2
Bf5 22. e4 Nd4+ 23. Kd2 Rad8 24. exf5 Nb3+ 25. Kc3 Rxd3+ 26. Bxd3 Nd4 27. fxg6
fxg6 0-1

[Event "Titled Tue 17th Jun Early"]
[Site "chess.com INT"]
[Date "2025.06.17"]
[Round "11"]
[White "Kozak, Antoni"]
[Black "Paravyan, David"]
[Result "0-1"]
[BlackTitle "GM"]
[WhiteElo "2426"]
[BlackElo "2589"]
[WhiteFideId "21832030"]
[BlackFideId "4194985"]
[EventDate "2025.06.17"]

1. g3 d5 2. Bg2 Nf6 3. d3 e6 4. e4 dxe4 5. dxe4 Qxd1+ 6. Kxd1 Bc5 7. Ke2 b6 8.
e5 Ba6+ 9. Kd2 Nd5 10. Nc3 Nc6 11. Nxd5 exd5 12. f4 O-O-O 13. Nf3 Rhe8 14. a3 f6
15. b4 Bf8 16. Bb2 d4 17. Rae1 fxe5 18. fxe5 g6 19. Bf1 Bh6+ 20. Kd1 d3 21. Bxd3
Bxd3 22. cxd3 Rxd3+ 23. Ke2 Re3+ 24. Kf2 Rb3 25. Bc1 Bxc1 26. Rxc1 Nxe5 27. Nd4
Nd3+ 28. Kg2 Rb2+ 29. Kh3 Nxc1 30. Rxc1 Kb7 31. Rc3 a6 32. Nf3 Ree2 33. Kg4 h6
34. h4 Rbc2 35. Rd3 Rc4+ 36. Kh3 Rce4 37. Rd7 R4e3 38. Nd2 Rxa3 39. h5 gxh5 40.
Nc4 Raa2 41. g4 hxg4+ 42. Kxg4 Re4+ 0-1

[Event "Titled Tue 17th Jun Early"]
[Site "chess.com INT"]
[Date "2025.06.17"]
[Round "11"]
[White "Zlatin, Alexander"]
[Black "George, Kevin"]
[Result "1-0"]
[WhiteTitle "FM"]
[BlackTitle "IM"]
[WhiteElo "2313"]
[BlackElo "2327"]
[WhiteFideId "2810549"]
[BlackFideId "10669515"]
[EventDate "2025.06.17"]

1. e4 e6 2. b3 d5 3. Bb2 dxe4 4. Nc3 f5 5. f3 exf3 6. Nxf3 Nf6 7. Bc4 Bc5 8. d4
Bb4 9. O-O O-O 10. Ne2 Ne4 11. a3 Bd6 12. d5 Bc5+ 13. Kh1 Nf2+ 14. Rxf2 Bxf2 15.
dxe6 Qe7 16. Nf4 c6 17. Ng5 Bh4 18. Nxh7 Rd8 19. Qh5 b5 20. Ng6 Qe8 21. Nf6+
gxf6 22. Qh8# 1-0

[Event "Titled Tue 17th Jun Early"]
[Site "chess.com INT"]
[Date "2025.06.17"]
[Round "11"]
[White "Chaulagain, Purusottam"]
[Black "Atoyan, Alberto"]
[Result "0-1"]
[WhiteTitle "CM"]
[BlackTitle "CM"]
[WhiteElo "1952"]
[BlackElo "2266"]
[WhiteFideId "12300730"]
[BlackFideId "13314831"]
[EventDate "2025.06.17"]

1. d4 Nf6 2. Nc3 d5 3. Bf4 a6 4. e3 e6 5. g4 Bb4 6. Bd3 c5 7. g5 Ne4 8. Bxe4
dxe4 9. a3 Bxc3+ 10. bxc3 Nd7 11. Ne2 b5 12. Ng3 Bb7 13. h4 Qe7 14. Qg4 g6 15.
h5 e5 16. dxe5 Nxe5 17. Bxe5 Qxe5 18. O-O O-O 19. h6 Qxc3 20. Nxe4 Bxe4 21. Qxe4
Rfe8 22. Qc6 Qe5 23. Qg2 Rad8 24. Rad1 b4 25. Rd3 Rxd3 26. cxd3 bxa3 27. Ra1
Qxa1+ 0-1

[Event "Titled Tue 17th Jun Early"]
[Site "chess.com INT"]
[Date "2025.06.17"]
[Round "11"]
[White "Linares Orellana, Hector Jose"]
[Black "Demchenko, Svitlana"]
[Result "1-0"]
[WhiteTitle "FM"]
[BlackTitle "WIM"]
[WhiteElo "2111"]
[BlackElo "2135"]
[WhiteFideId "7304307"]
[BlackFideId "14149893"]
[EventDate "2025.06.17"]

1. e4 c5 2. Nf3 e6 3. c3 Nf6 4. e5 Nd5 5. g3 d6 6. exd6 Bxd6 7. Bg2 Nc6 8. O-O
O-O 9. d4 Qe7 10. Nbd2 Rd8 11. Re1 cxd4 12. Nxd4 Nxd4 13. Bxd5 Nf5 14. Be4 Qf6
15. Qf3 Ne7 16. Bxb7 Bxb7 17. Qxb7 Bc5 18. Ne4 Qf5 19. Nxc5 Qxc5 20. Be3 Qd6 21.
Rad1 Qxd1 22. Rxd1 Rxd1+ 23. Kg2 Re8 24. Bxa7 Nd5 25. Bd4 h5 26. a4 Ra1 27. Qb5
Ra8 28. b3 Ra2 29. Qb7 Rd8 30. Qa6 Nf6 31. b4 Ne4 32. Qc4 Rd2 33. Be3 1-0

[Event "Titled Tue 17th Jun Early"]
[Site "chess.com INT"]
[Date "2025.06.17"]
[Round "11"]
[White "Diaz Guerrero, Jesus Daniel"]
[Black "Purushothaman, Thirumalai"]
[Result "0-1"]
[WhiteTitle "CM"]
[BlackTitle "FM"]
[WhiteElo "2076"]
[BlackElo "2027"]
[WhiteFideId "3979288"]
[BlackFideId "5012791"]
[EventDate "2025.06.17"]

1. e4 c5 2. Nf3 d6 3. d4 cxd4 4. Nxd4 Nf6 5. Nc3 a6 6. Be2 e5 7. Nb3 Be7 8. Be3
Be6 9. g4 h6 10. Rg1 d5 11. exd5 Nxd5 12. Nxd5 Qxd5 13. Qxd5 Bxd5 14. O-O-O Bxb3
15. axb3 O-O 16. Bf3 Nc6 17. Rd7 Bf6 18. Rxb7 Rac8 19. Rb6 Nd4 20. Bxd4 exd4 21.
Be4 a5 22. f4 d3 23. Rc6 Rxc6 24. Bxc6 Rc8 25. g5 Bd4 26. Rd1 Be3+ 27. Kb1 dxc2+
28. Kxc2 Rxc6+ 29. Kd3 Rd6+ 0-1

[Event "Titled Tue 17th Jun Early"]
[Site "chess.com INT"]
[Date "2025.06.17"]
[Round "11"]
[White "Mata Gonzalez, Jose Fernando"]
[Black "Parfenov, Viktor N."]
[Result "0-1"]
[WhiteTitle "CM"]
[BlackTitle "CM"]
[WhiteElo "2164"]
[BlackElo "2193"]
[WhiteFideId "5107423"]
[BlackFideId "4165969"]
[EventDate "2025.06.17"]

1. e4 e5 2. Nf3 Nc6 3. d4 exd4 4. c3 Nf6 5. e5 Nd5 6. c4 Bb4+ 7. Bd2 Bxd2+ 8.
Nbxd2 Nf4 9. g3 Ne6 10. Bd3 d6 11. exd6 Qxd6 12. O-O h6 13. Ne4 Qd8 14. Bc2 a5
15. a3 f5 16. Ned2 Qf6 17. Re1 O-O 18. Bb3 Nc5 19. Ba2 a4 20. Qc2 d3 21. Qc1 f4
22. Qc3 Qxc3 23. bxc3 fxg3 24. fxg3 Bg4 25. Ne5 Be2 26. Nxc6 bxc6 27. Rab1 Rab8
28. Rb4 Rb6 29. Reb1 Rfb8 30. Rxb6 Rxb6 31. Rxb6 cxb6 32. Kf2 Kf7 33. Ke3 Ke6
34. Kd4 Kd6 35. h4 Ke6 36. Ke3 Ke5 37. Nf3+ Bxf3 38. Kxf3 Ne4 39. Bb1 d2 40. Ke2
Nxc3+ 41. Kxd2 Nxb1+ 42. Kc2 Nxa3+ 43. Kc3 c5 0-1

[Event "Titled Tue 17th Jun Early"]
[Site "chess.com INT"]
[Date "2025.06.17"]
[Round "11"]
[White "Laddha, Shubh Jayesh"]
[Black "Luong Phuong Hanh"]
[Result "1-0"]
[WhiteTitle "FM"]
[BlackTitle "WIM"]
[WhiteElo "2303"]
[BlackElo "2121"]
[WhiteFideId "30942799"]
[BlackFideId "12401013"]
[EventDate "2025.06.17"]

1. d4 Nf6 2. Nc3 d5 3. Bf4 e6 4. Nb5 Na6 5. e3 c6 6. Nc3 Be7 7. Nf3 O-O 8. Ne5
Nd7 9. h4 Nxe5 10. Bxe5 c5 11. h5 h6 12. a3 cxd4 13. exd4 f6 14. Bf4 Bd6 15. Be3
Bd7 16. Bd3 Rc8 17. Qg4 f5 18. Qf3 Qb6 19. O-O Nc7 20. Ne2 Ne8 21. Nf4 Bxf4 22.
Qxf4 Nf6 23. Qf3 Be8 24. b3 Nxh5 25. a4 Qd6 26. a5 a6 27. Bc1 Qc7 28. Re1 Rf6
29. c4 Bc6 30. Qxh5 dxc4 31. Bxc4 Bd5 32. Bxd5 exd5 33. Ba3 Kh7 34. Re7 Qxa5 35.
Rxg7+ Kxg7 36. Bf8+ 1-0

[Event "Titled Tue 17th Jun Early"]
[Site "chess.com INT"]
[Date "2025.06.17"]
[Round "11"]
[White "Huh, Isaak"]
[Black "Jimenez Fernandez, Rebeca"]
[Result "1-0"]
[WhiteTitle "CM"]
[BlackTitle "WFM"]
[WhiteElo "2139"]
[BlackElo "2154"]
[WhiteFideId "13209590"]
[BlackFideId "32070934"]
[EventDate "2025.06.17"]

1. Nf3 c5 2. g3 Nf6 3. Bg2 g6 4. O-O Bg7 5. c3 Nc6 6. d4 cxd4 7. cxd4 d5 8. Nc3
O-O 9. Bf4 Bf5 10. Rc1 Nh5 11. Be3 Qd7 12. Nh4 Bh3 13. Bxh3 Qxh3 14. Nxd5 Rad8
15. Qb3 e6 16. Qxb7 Nxd4 17. Ne7+ Kh8 18. Bxd4 Bxd4 19. Nc6 Bf6 20. Nxd8 Bxd8
21. Qg2 Qg4 22. Nf3 Bb6 23. Ne5 Qd4 24. Nc4 Bc5 25. Rfd1 Qf6 26. Qf3 Qe7 27. Ne5
Bd6 28. Rxd6 Qxd6 29. Nxf7+ Rxf7 30. Qxf7 1-0

[Event "Titled Tue 17th Jun Early"]
[Site "chess.com INT"]
[Date "2025.06.17"]
[Round "11"]
[White "Hnatyshyn, Anastasiia"]
[Black "Tulendinov, Dinmukhammed"]
[Result "1-0"]
[WhiteTitle "WFM"]
[BlackTitle "FM"]
[WhiteElo "2233"]
[BlackElo "2104"]
[WhiteFideId "14198339"]
[BlackFideId "13730860"]
[EventDate "2025.06.17"]

1. Nc3 Nf6 2. e4 e5 3. Nf3 Nc6 4. a3 Bd6 5. d4 exd4 6. Nxd4 O-O 7. Nf5 Be5 8.
Bg5 h6 9. Bxf6 Bxf6 10. Bc4 d6 11. O-O Bxc3 12. bxc3 Bxf5 13. exf5 Qf6 14. Rb1
Qxc3 15. Bd5 Rab8 16. Re1 Kh8 17. Rb3 1-0

[Event "Titled Tue 17th Jun Early"]
[Site "chess.com INT"]
[Date "2025.06.17"]
[Round "11"]
[White "Shevchenko, Yaroslav"]
[Black "Zong, Davis"]
[Result "1-0"]
[BlackTitle "FM"]
[WhiteElo "2179"]
[BlackElo "2242"]
[WhiteFideId "34144684"]
[BlackFideId "30903955"]
[EventDate "2025.06.17"]

1. e4 e5 2. Nf3 Nc6 3. Bc4 Bc5 4. c3 Nf6 5. d3 d6 6. O-O O-O 7. Re1 a5 8. h3 Ba7
9. Nbd2 Ne7 10. Nf1 Ng6 11. d4 c6 12. Ng3 Qc7 13. Bg5 Nxe4 14. Nxe4 d5 15. Nxe5
Nxe5 16. Bf4 dxc4 17. Bxe5 Qd8 18. Qh5 f6 19. Bd6 Rf7 20. Re3 Be6 21. Rae1 Bd5
22. Ba3 Bb8 23. Nc5 Bf4 24. R3e2 b6 25. Ne6 Bxe6 26. Rxe6 g6 27. Qf3 Bc7 28.
Qxc6 Qd7 29. Qxc4 Kg7 30. Re7 1-0

[Event "Titled Tue 17th Jun Early"]
[Site "chess.com INT"]
[Date "2025.06.17"]
[Round "11"]
[White "El Zein, Zayne-Eddine"]
[Black "Ady, Jonathan J."]
[Result "1-0"]
[WhiteTitle "CM"]
[BlackTitle "FM"]
[WhiteElo "2194"]
[BlackElo "2355"]
[WhiteFideId "5313210"]
[BlackFideId "6000240"]
[EventDate "2025.06.17"]

1. e4 c5 2. Nf3 d6 3. g3 Nf6 4. d3 g6 5. Bg2 Bg7 6. O-O O-O 7. c3 Nc6 8. Re1 Rb8
9. a4 a6 10. h3 b5 11. axb5 axb5 12. Be3 b4 13. Nbd2 bxc3 14. bxc3 Be6 15. Ng5
Bd7 16. Ngf3 Qc7 17. Nc4 Rb7 18. Bf4 e5 19. Bg5 Rfb8 20. Ne3 Ne7 21. Nd2 h6 22.
Bxf6 Bxf6 23. Ndc4 Be6 24. Ra6 Rd8 25. Qa4 Bd7 26. Qa3 Bb5 27. Ra5 Nc6 28. Rxb5
Rxb5 29. Nd5 Qb7 30. Nxf6+ Kg7 31. Nxd6 Qe7 32. Nh5+ Kh7 33. Nxb5 gxh5 34. Qa6
Qf6 35. Na7 Rd6 36. Nxc6 Rxc6 37. Qc4 h4 38. g4 Qf4 39. Ra1 Rf6 40. Rf1 Rc6 41.
d4 exd4 42. cxd4 Rf6 43. Qxc5 Qd2 44. e5 Rf4 45. e6 fxe6 46. Qe7+ 1-0

[Event "Titled Tue 17th Jun Early"]
[Site "chess.com INT"]
[Date "2025.06.17"]
[Round "11"]
[White "Hungaski, Robert"]
[Black "Matveeva, Olga"]
[Result "1-0"]
[WhiteTitle "GM"]
[BlackTitle "WIM"]
[WhiteElo "2477"]
[BlackElo "2177"]
[WhiteFideId "2021030"]
[BlackFideId "24107018"]
[EventDate "2025.06.17"]

1. c3 d5 2. g3 Nf6 3. Bg2 g6 4. Nf3 Bg7 5. O-O O-O 6. d3 Nc6 7. b4 a6 8. Nbd2 e5
9. e4 Bg4 10. Qc2 h6 11. Bb2 b5 12. a3 dxe4 13. dxe4 Qe7 14. Rfe1 Rfd8 15. Nb3
Nd7 16. Nfd2 Be6 17. Nf1 a5 18. Ne3 a4 19. Nd2 Nb6 20. Bf1 Na7 21. c4 bxc4 22.
Ndxc4 Nxc4 23. Bxc4 Nc6 24. Bd5 Bxd5 25. Nxd5 Qd6 26. Qxc6 Qxc6 27. Ne7+ Kf8 28.
Nxc6 Rd2 29. Bc3 Rc2 30. Rac1 Ra2 31. b5 1-0

[Event "Titled Tue 17th Jun Early"]
[Site "chess.com INT"]
[Date "2025.06.17"]
[Round "11"]
[White "Dehtiarov, Roman"]
[Black "Andreev, Konstantin"]
[Result "1-0"]
[WhiteTitle "FM"]
[BlackTitle "FM"]
[WhiteElo "2416"]
[BlackElo "2208"]
[WhiteFideId "14186640"]
[BlackFideId "24239305"]
[EventDate "2025.06.17"]

1. e4 c5 2. Nf3 e6 3. d4 cxd4 4. Nxd4 Nc6 5. Nc3 Qc7 6. Be3 a6 7. Qf3 Nxd4 8.
Bxd4 b5 9. O-O-O Bb7 10. Bd3 b4 11. Ne2 e5 12. Be3 Nf6 13. Qg3 g6 14. f4 Bg7 15.
fxe5 Nxe4 16. Qh4 O-O 17. Bxe4 Qxe5 18. Bxb7 Qxb2+ 19. Kd2 Rae8 20. Bd4 Qxa2 21.
Bxg7 Kxg7 22. Qd4+ Kg8 23. Bd5 Qa4 24. Rhf1 Qb5 25. Rf2 b3 26. Bxb3 Re7 27. Rdf1
Rfe8 28. Nc3 Qg5+ 29. Qf4 Qc5 30. Bxf7+ Kg7 31. Qf6+ Kh6 32. Qf4+ Kg7 33. Bxe8 1-0

[Event "Titled Tue 17th Jun Early"]
[Site "chess.com INT"]
[Date "2025.06.17"]
[Round "11"]
[White "Reprintsev, Alexander"]
[Black "Filev, Georgi"]
[Result "1/2-1/2"]
[WhiteTitle "IM"]
[BlackTitle "FM"]
[WhiteElo "2256"]
[BlackElo "2189"]
[WhiteFideId "14100541"]
[BlackFideId "2907500"]
[EventDate "2025.06.17"]

1. e4 c5 2. b3 g6 3. Bb2 Nf6 4. Nc3 Nc6 5. f4 d6 6. Bb5 Bg7 7. Nd5 O-O 8. Nxf6+
exf6 9. Bxc6 bxc6 10. Ne2 f5 11. Bxg7 Kxg7 12. exf5 Bxf5 13. O-O Bg4 14. h3 Bxe2
15. Qxe2 Re8 16. Qf3 d5 17. Qc3+ Qf6 18. Qxc5 Re2 19. Rad1 a5 20. a4 Rae8 21.
Qxa5 Qh4 22. Qc3+ Kg8 23. Qf3 Qf6 24. c3 h5 25. b4 h4 26. a5 d4 27. a6 R2e7 28.
Ra1 dxc3 29. Qxc3 Qd6 30. a7 Ra8 31. Rfe1 Raxa7 32. Rxe7 Rxa1+ 33. Qxa1 Qxe7 34.
Qc3 Qe1+ 35. Kh2 Qf2 36. Qe3 Qf1 37. Qe8+ Kg7 38. Qe5+ Kg8 39. Qd4 Qe1 40. Qe3
Qf1 41. Qf3 Qe1 42. Qd3 Qf2 43. Qe3 Qf1 1/2-1/2

[Event "Titled Tue 17th Jun Early"]
[Site "chess.com INT"]
[Date "2025.06.17"]
[Round "11"]
[White "Yonal, Timur"]
[Black "Aaradhya Das"]
[Result "1-0"]
[WhiteTitle "FM"]
[BlackTitle "WCM"]
[WhiteElo "2170"]
[BlackElo "1786"]
[WhiteFideId "44115725"]
[BlackFideId "33361436"]
[EventDate "2025.06.17"]

1. b3 d5 2. Bb2 Nf6 3. f4 e6 4. Nf3 Bd6 5. e3 Nbd7 6. Be2 O-O 7. c4 dxc4 8. bxc4
c5 9. Nc3 a6 10. d3 e5 11. g3 Ng4 12. Qd2 exf4 13. gxf4 Re8 14. Rg1 f5 15. Nd5
Nb6 16. Nxb6 Qxb6 17. h3 Nxe3 18. Rxg7+ Kf8 19. Rxh7 Bxf4 20. Qc3 Ng2+ 21. Kf2
Be3+ 22. Kf1 Bd4 23. Nxd4 cxd4 24. Rh8+ Kf7 25. Bh5+ Kf6 26. Qxd4+ Qxd4 27.
Bxd4+ Kg5 28. Bxe8 1-0

[Event "Titled Tue 17th Jun Early"]
[Site "chess.com INT"]
[Date "2025.06.17"]
[Round "11"]
[White "Xue, Haowen"]
[Black "Moroni, Luca Jr"]
[Result "1-0"]
[WhiteTitle "GM"]
[BlackTitle "GM"]
[WhiteElo "2518"]
[BlackElo "2549"]
[WhiteFideId "8625492"]
[BlackFideId "865834"]
[EventDate "2025.06.17"]

1. c4 b6 2. Nc3 Bb7 3. e4 Nf6 4. d3 c5 5. g3 d6 6. Bg2 g6 7. Nge2 Nbd7 8. O-O h5
9. h3 Rb8 10. f4 Bg7 11. f5 gxf5 12. Rxf5 Ne5 13. Bg5 Bc8 14. Rf1 h4 15. g4
Nfxg4 16. hxg4 Bxg4 17. Qd2 h3 18. Bh1 h2+ 19. Kf2 Rh3 20. Nf4 Rf3+ 21. Bxf3
Nxf3 22. Qe2 Bd4+ 23. Kg3 Bg1 24. Rxg1 Nxg1 25. Qxh2 Nf3 26. Qh8+ Kd7 27. Qxd8+
Rxd8 28. Kxg4 Ne5+ 29. Kh3 Rg8 30. Bh4 Nf3 31. Bg3 e6 32. Rh1 f5 33. exf5 exf5
34. Kg2 Ne5 35. Rh7+ Kc6 36. Ncd5 1-0

[Event "Titled Tue 17th Jun Early"]
[Site "chess.com INT"]
[Date "2025.06.17"]
[Round "11"]
[White "Papaioannou, Dimitrios"]
[Black "Shimanov, Aleksandr"]
[Result "1-0"]
[WhiteTitle "CM"]
[BlackTitle "GM"]
[WhiteElo "2206"]
[BlackElo "2578"]
[WhiteFideId "25865137"]
[BlackFideId "4198603"]
[EventDate "2025.06.17"]

1. Nf3 d5 2. d4 Nf6 3. c4 dxc4 4. e3 Be6 5. Nc3 c5 6. Ng5 Bg4 7. f3 Bc8 8. Bxc4
e6 9. d5 exd5 10. Nxd5 Nc6 11. e4 Ne5 12. Nxf6+ Qxf6 13. Bb5+ Bd7 14. Bxd7+ Nxd7
15. O-O Be7 16. f4 O-O 17. Qxd7 c4 18. e5 Bc5+ 19. Kh1 Qb6 20. Qf5 g6 21. Qh3 h5
22. Ne4 Be7 23. f5 Qc6 24. Qf3 Rad8 25. Bh6 Rfe8 26. Rae1 Rd3 27. Qf4 gxf5 28.
Qxf5 Qg6 29. h3 Bh4 30. Bg5 Bxe1 31. Qxg6+ fxg6 32. Nf6+ Kf7 33. Nxe8+ Kxe8 34.
Rxe1 b5 35. e6 Rd5 36. h4 b4 37. e7 1-0

[Event "Titled Tue 17th Jun Early"]
[Site "chess.com INT"]
[Date "2025.06.17"]
[Round "11"]
[White "Karttunen, Mika"]
[Black "Ter-Sahakyan, Samvel"]
[Result "0-1"]
[WhiteTitle "IM"]
[BlackTitle "GM"]
[WhiteElo "2490"]
[BlackElo "2611"]
[WhiteFideId "502081"]
[BlackFideId "13302531"]
[EventDate "2025.06.17"]

1. e4 e6 2. d4 d5 3. Nc3 Nf6 4. e5 Nfd7 5. Nce2 c5 6. c3 Nc6 7. f4 b5 8. Nf3 b4
9. f5 bxc3 10. bxc3 cxd4 11. fxe6 fxe6 12. cxd4 Bb4+ 13. Kf2 O-O 14. h4 Ndxe5
15. dxe5 Nxe5 16. Kg3 Bd6 17. Bf4 Rxf4 18. Nxf4 Ng6 19. Kh2 Nxf4 20. g3 Nh5 21.
Rg1 Nf6 22. Bh3 e5 23. Ng5 h6 24. Nf3 e4 25. Nd4 Ng4+ 26. Kh1 Nf2+ 0-1

[Event "Titled Tue 17th Jun Early"]
[Site "chess.com INT"]
[Date "2025.06.17"]
[Round "11"]
[White "Sarana, Alexey"]
[Black "Xiong, Jeffery"]
[Result "1/2-1/2"]
[WhiteTitle "GM"]
[BlackTitle "GM"]
[WhiteElo "2686"]
[BlackElo "2639"]
[WhiteFideId "24133795"]
[BlackFideId "2047640"]
[EventDate "2025.06.17"]

1. d4 Nf6 2. c4 e6 3. Nc3 Bb4 4. e3 d5 5. a3 Be7 6. Nf3 O-O 7. Bd3 dxc4 8. Bxc4
c5 9. dxc5 Qxd1+ 10. Kxd1 Bxc5 11. Ke2 Be7 12. Rd1 Bd7 13. Ne5 Rc8 14. Nxd7 Rxc4
15. Nxb8 Rxb8 16. Bd2 Rbc8 17. Rac1 a6 18. Na4 Rxc1 19. Rxc1 Rxc1 20. Bxc1 Kf8
21. f3 b5 22. Nc3 Ke8 23. e4 Kd7 24. a4 Kc6 25. axb5+ axb5 26. Be3 Nd7 27. Nb1
Bf6 28. b3 Nc5 29. Nd2 Bc3 30. Nb1 Bb4 31. Bxc5 Kxc5 32. Kd3 e5 33. Nc3 Bxc3 34.
Kxc3 g6 35. b4+ Kd6 36. Kd3 f6 37. h4 h5 38. Ke3 Ke6 39. g4 Kf7 40. gxh5 gxh5
41. Kf2 Ke6 42. Kg2 f5 43. Kf2 f4 44. Kg2 Kd7 45. Kf2 Kd6 46. Kg2 Ke7 47. Kf2
Kf6 48. Kg2 Kf7 49. Kf2 Ke6 50. Kg2 Kd6 51. Kf2 Ke7 52. Kg2 Kf6 53. Kf2 Kf7 54.
Kg2 Ke6 55. Kf2 Kd6 56. Kg2 Ke7 57. Kf2 Kf7 58. Kg2 Kf6 59. Kf2 Ke7 60. Kg2 Ke6
61. Kf2 Kd6 1/2-1/2

[Event "Titled Tue 17th Jun Early"]
[Site "chess.com INT"]
[Date "2025.06.17"]
[Round "11"]
[White "Cramling Bellon, Anna"]
[Black "Miserendino, Alfredo"]
[Result "1-0"]
[WhiteTitle "WFM"]
[WhiteElo "2046"]
[BlackElo "2032"]
[WhiteFideId "32009232"]
[BlackFideId "101800"]
[EventDate "2025.06.17"]

1. d4 Nf6 2. c4 c5 3. d5 b5 4. cxb5 a6 5. Nc3 g6 6. e4 d6 7. a4 Bg7 8. Bd2 O-O
9. Nf3 Nbd7 10. Bd3 Bb7 11. h3 e6 12. dxe6 fxe6 13. O-O d5 14. e5 Ne8 15. Ng5
Qe7 16. Nxh7 Nxe5 17. Nxf8 Qxf8 18. Bc2 Nd6 19. Ne2 d4 20. Nf4 Qf7 21. Qb1 g5
22. Bh7+ Kh8 23. Ng6+ Nxg6 24. Bxg6 Qf6 25. Ra3 Nc4 26. Bxg5 Qxg5 27. Rg3 Qd5
28. Qd1 1-0

[Event "Titled Tue 17th Jun Early"]
[Site "chess.com INT"]
[Date "2025.06.17"]
[Round "11"]
[White "Fernandez Garcia, Gumersindo"]
[Black "Seder, Mohammed"]
[Result "1-0"]
[WhiteTitle "CM"]
[BlackTitle "FM"]
[WhiteElo "2197"]
[BlackElo "2075"]
[WhiteFideId "24516740"]
[BlackFideId "11505567"]
[EventDate "2025.06.17"]

1. e4 e6 2. d4 c5 3. d5 exd5 4. exd5 d6 5. c4 Nf6 6. Nc3 g6 7. Bg5 Bg7 8. Qd2
O-O 9. Nf3 Re8+ 10. Be2 Bg4 11. O-O Nbd7 12. h3 Bxf3 13. Bxf3 Ne5 14. Be2 Qa5
15. f4 Ned7 16. Bd3 a6 17. a4 Qb4 18. Kh1 b5 19. axb5 axb5 20. cxb5 Rxa1 21.
Rxa1 Nxd5 22. Re1 Rxe1+ 23. Qxe1 h6 24. Qe8+ Kh7 25. Nxd5 Qxb2 26. Qxd7 hxg5 27.
Qxf7 gxf4 28. Qxg6+ Kg8 29. Qe8+ Bf8 30. Ne7+ Kg7 31. Qg6+ Kh8 32. Qh7# 1-0

[Event "Titled Tue 17th Jun Early"]
[Site "chess.com INT"]
[Date "2025.06.17"]
[Round "11"]
[White "Aarit Kapil"]
[Black "Ozen, Batuhan"]
[Result "1-0"]
[WhiteTitle "CM"]
[BlackTitle "CM"]
[WhiteElo "2078"]
[BlackElo "2128"]
[WhiteFideId "33408947"]
[BlackFideId "6345123"]
[EventDate "2025.06.17"]

1. Nf3 Nf6 2. g3 g6 3. Bg2 Bg7 4. O-O O-O 5. d4 c5 6. d5 b5 7. a4 b4 8. Re1 d6
9. e4 Nbd7 10. Nbd2 a5 11. Rb1 Ba6 12. b3 Nb6 13. Bb2 c4 14. Nxc4 Nxc4 15. bxc4
Bxc4 16. Nd4 Rc8 17. Nc6 Qd7 18. Nxa5 Ba6 19. Nc6 Bb7 20. Nxb4 Qxa4 21. Bd4 Nd7
22. Bxg7 Kxg7 23. Qd4+ Kg8 24. Ra1 Qb5 25. Bf1 Qc5 26. Qxc5 Nxc5 27. f4 Ra8 28.
e5 Rxa1 29. Rxa1 Rc8 30. Ra7 Rd8 31. c4 Kf8 32. Nd3 Nxd3 33. Bxd3 Rb8 34. Kf2
Bc8 35. Ke3 Kg7 36. Rxe7 Rb3 37. e6 Kf8 38. Rxf7+ Kg8 39. Rc7 Ba6 40. Rc6 Ra3
41. Kd4 1-0